[Event "AUTO-INT-3950"]
[Site "http://www.queenalice.com/game.php?id=1865189"]
[Date "2025.11.4"]
[Round "1"]
[White "Hovis"]
[Black "nuzera"]
[Result "1-0"]
[WhiteElo "1469"]
[BlackElo "1354"]

1. e4 Nf6 2. d3 e5 3. Ne2 d5 4. f4 dxe4 5. dxe4 Nxe4 6. Nbc3 Qxd1+ 7. Nxd1 exf4
8. Bxf4 c5 9. Ne3 g5 10. Be5 Rg8 11. Nd5 1-0

[Event "AUTO-INT-3950"]
[Site "http://www.queenalice.com/game.php?id=1865202"]
[Date "2025.11.4"]
[Round "1"]
[White "Ruusgugg"]
[Black "Hovis"]
[Result "0-1"]
[WhiteElo "1352"]
[BlackElo "1450"]

1. g4 e6 2. h4 d5 3. a4 Nc6 4. g5 Nge7 5. h5 g6 6. hxg6 Nxg6 7. d3 Bg7 8. c4 O-O
9. f4 e5 10. cxd5 Nd4 11. e3 exf4 12. Qh5 Re8 13. e4 Nc2+ 14. Kd2 Nxa1 15. Qxh7+
Kf8 16. b3 Nxb3+ 17. Kc2 Nd4+ 18. Kd2 c5 19. Ba3 Qa5+ 20. Nc3 Nb3+ 21. Ke2 Bg4+
22. Nf3 Qxc3 23. Bh3 Qd2+ 24. Kf1 Qd1+ 25. Ne1 Qe2+ 26. Kg1 Bd4# 0-1

[Event "AUTO-INT-3950"]
[Site "http://www.queenalice.com/game.php?id=1865203"]
[Date "2025.11.4"]
[Round "1"]
[White "Hovis"]
[Black "Ruusgugg"]
[Result "1-0"]
[WhiteElo "1406"]
[BlackElo "1448"]

1. e4 c5 2. d3 d5 3. Nd2 dxe4 4. Nxe4 e5 5. Ne2 f5 6. Ng5 Qf6 7. g3 h6 8. Nf3 e4
9. dxe4 Qc6 10. Nc3 fxe4 11. Bb5 exf3 12. Bxc6+ bxc6 13. O-O a5 14. Re1+ Ne7 15.
Ne4 Ra7 16. Nd6+ Kd8 17. Nf7+ Ke8 18. Nxh8 Rd7 19. Qxf3 Rd4 20. Qf7+ 1-0

[Event "AUTO-INT-3953"]
[Site "http://www.queenalice.com/game.php?id=1866305"]
[Date "2025.11.28"]
[Round "1"]
[White "Hovis"]
[Black "TammieM3ENF"]
[Result "1-0"]
[WhiteElo "1491"]
[BlackElo "1446"]

1. e4 e5 2. Nc3 d6 3. Nf3 c5 4. Be2 f5 5. O-O fxe4 6. Nxe4 d5 7. Ng3 e4 8. Ne5
g6 9. b3 c4 10. bxc4 d4 11. Bb2 h5 12. Nxe4 g5 13. Bxh5+ Ke7 14. Ng6+ Ke6 15.
Qg4+ Kf7 16. Nxg5+ Kg7 17. Bxd4+ Nf6 18. Bxf6+ Kxf6 19. Ne4+ Kg7 20. Qg5 Be7 21.
Nxe7+ Kh7 22. Qg6# 1-0

[Event "AUTO-INT-3953"]
[Site "http://www.queenalice.com/game.php?id=1866306"]
[Date "2025.11.28"]
[Round "1"]
[White "TammieM3ENF"]
[Black "Hovis"]
[Result "0-1"]
[WhiteElo "1424"]
[BlackElo "1505"]

1. d4 e6 2. e4 d5 3. exd5 exd5 4. c3 Nf6 5. b3 Bd6 6. c4 c5 7. cxd5 O-O 8. a4
Re8+ 9. Be2 a6 10. b4 b6 11. b5 Ne4 12. a5 Qf6 13. bxa6 Bxa6 14. f3 Ng5 15. dxc5
bxc5 16. f4 Bxf4 17. g3 Qxa1 18. gxf4 Nd7 19. fxg5 Qxb1 20. Nf3 Qb4+ 21. Bd2 Qe4
22. h4 Qxf3 23. Rh2 Re5 24. Rf2 Qh1+ 25. Rf1 Qxh4+ 26. Rf2 Rae8 27. Qa4 Rxe2+
28. Kd1 Qxa4+ 29. Kc1 Bd3 30. Rf3 Qc2# 0-1

[Event "Challenge"]
[Site "http://www.queenalice.com/game.php?id=1866451"]
[Date "2025.12.2"]
[Round "-"]
[White "Leanne"]
[Black "Hovis"]
[Result "1-0"]
[WhiteElo "1360"]
[BlackElo "1493"]

1. e4 e5 2. d4 d6 3. Nf3 Nd7 4. Bg5 Be7 5. Bxe7 Qxe7 6. Be2 h6 7. O-O Ngf6 8.
Nc3 exd4 9. Qxd4 O-O 10. Nd5 Ne5 11. Nxe7+ Kh8 12. Nxc8 Rfxc8 13. Nxe5 dxe5 14.
Qxe5 c6 15. Bh5 Re8 16. Qf5 Rg8 17. e5 g6 18. Qxf6+ Rg7 19. e6 gxh5 20. exf7 Rf8
21. Qxh6+ Rh7 22. Qxf8# 1-0

[Event "Challenge"]
[Site "http://www.queenalice.com/game.php?id=1866452"]
[Date "2025.12.2"]
[Round "-"]
[White "Hovis"]
[Black "Leanne"]
[Result "1/2-1/2"]
[WhiteElo "1472"]
[BlackElo "1388"]

1. d4 d5 2. Nf3 e6 3. Nc3 Nf6 4. e3 Nc6 5. g3 Bb4 6. a3 Bxc3+ 7. bxc3 O-O 8. Bg2
Ne4 9. Qd3 Qe7 10. O-O e5 11. c4 Bf5 12. Qb3 exd4 13. Bb2 Ne5 14. Bxd4 Nxf3+ 15.
Bxf3 Nd2 16. Qxb7 Nxf1 17. Kxf1 dxc4 18. Rd1 g6 19. Bc6 Bc8 20. Qxa8 Bg4 21.
Qxa7 Bxd1 22. Qa5 Bxc2 23. Qc3 Bd3+ 24. Ke1 f6 25. Bd5+ Kg7 26. Bxc4 Bxc4 27.
Qxc4 c5 28. Bxc5 Rc8 29. Bxe7 Rxc4 30. f4 Re4 31. Bc5 f5 32. h3 h6 33. g4 fxg4
34. hxg4 g5 35. Bd4+ Kg6 36. a4 gxf4 37. Ke2 fxe3 38. Bxe3 Rxg4 39. a5 Ra4 40.
Bd2 h5 41. Bc3 h4 42. Kf2 Ra2+ 43. Kg1 h3 44. Bb4 h2+ 45. Kh1 Ra4 46. Bc3 Ra3
47. Be5 Rxa5 48. Bxh2 Rh5 49. Kg2 Rxh2+ 50. Kxh2 Kh5 51. Kh3 1/2-1/2